02083nam a2200385Ic 450000100060000000300100000600500170001600700030003300800410003602000180007704000350009504100080013004300120013808400060015024501130015625000220026926400850029130000180037633600290039433700330042333800280045649000300048450001220051452006240063660000870126065000380134765000470138565000580143265000510149065100390154170000430158083000420162394200150166599900170168060244CO-BoRNBP20251217152440.0ta240923s9999 xx 000 0 und d a9786287666245 aCO-BoRNBPbspaerdacCO-BoRNBP0 aspa as-ck--- aP10aAnastasia Candre :bpolifonía amazónica para el mundo /cedición y compilación Juan Carlos Flórez. aPrimera edición 1aBogotá, Colombia :bMinisterio de las Culturas las Artes y los Saberes ,c2024 a548 páginas atextobtxt2rdacontenido asin mediaciónbn2rdamedio avolumenbnc2rdasoporte0 aBiblioteca Voráginev10 aImágen de contracubierta correspondiente a la cubierta de La vorágine publicada por la Editorial Claridad en 1936 aAnastasia Candre, hija de padre ocaina y madre uitoto-murui, perteneció a pueblos que padecieron el genocidio cauchero y que realizaron un gigantesco esfuerzo para sobrevivir y reconstruir sus vidas tras los años del desbocado terror. A su vez, fue la primera mujer en aprender los rituales y cantos de su pueblo, con la ayuda del sabedor Jɨmuizɨtofe. Este libro recoge los escritos de Anastasia, el principal de ellos inédito hasta hoy, y es, en palabras de su compilador, tanto un homenaje como un desagravio para una mujer que fue poeta, artista y estudiosa de su propia cultura. -- Tomado a partes del texto10aCandre Yamacuri, Anastasia,d1962-2014,xHomenajes póstumosxBiografías96811417aCanciones colombianas2lemb9195517aLiteratura colombianaySiglo XX2rnbp942707aPoesía indígena colombianaySiglo XX2rnbp96811517aWitotosxCostumbres y prácticas2lemb968116 0aAmazonas (Region, Colombia)96811710aFlórez, Juan Carloseedtecom968118 aMujeres escritoras colombianas968119 n1cBK2ddc c60244d60244